Quizzes
Events
Quiz Creation
Community
Videos
Private Events
Remove Ads
Sign In
Join for FREE
Feedback
Dark Mode
Quiz Categories
Sports
Geography
Music
Movies
Television
Just For Fun
Miscellaneous
History
Literature
Language
Science
Gaming
Entertainment
Religion
Holiday
For Kids
Quiz Lab
Recent
Popular Today
Quiz Kudos Today
Editor Picks
Curator Picks
Quizzes by...
Day
Popularity
Type
Ratings
Length
Year
Community
Subscriptions
Recent Discussions
Orange Saloon
Badges
Playlists
Quests
Create
Leaderboards
Showdown
Live 5
Trivia Bingo
Activity
Puzzle Library
Sporcle Events
Private Events
Virtual Trivia
Globe League
Become a Host
Pub Owners
SporcleCon
Opinionation
Our Games
Videos
Blog
Mobile Apps
Partnerships
Remove Ads and Go Orange
Feedback
Sports
Athletes
MLB
NBA
NHL
NFL
Soccer
Sports Teams
WWE
NCAA
Football
Premier League
Basketball
Baseball
Hockey
Golf
Tennis
Cricket
Rugby
Auto Racing
Olympics
World Cup
Sports
Athletes
MLB
NBA
NHL
NFL
Soccer
Sports Teams
WWE
NCAA
Football
Premier League
Basketball
Baseball
Hockey
Golf
Tennis
Cricket
Rugby
Auto Racing
Olympics
World Cup
Random Quiz
Search Sporcle
×
Quiz Lab
Quiz Lab
Sports
NHL
Type in answers that appear in a list
Type in answers that appear in a list
Classic
Best Score? Go Orange.
NHL All-Star Goalies Stats
Can you name the goaltenders who were selected to be in each NHL All-Star Game since 1992?
By
cheesyjon
11m
102 Questions
469 Plays
469 Plays
469 Plays
Comments
Comments
Give Quiz Kudos
Give Quiz Kudos
-
- Ratings
hide this ad
More Info
Replay
Link that replays current quiz
Next Quiz
Link to next quiz in quiz playlist
You Got
0%
They Got
Avg Score
83%
Avg Friend Score
Upgrade to see
Score Distribution
Jump to the score distribution portion of the page
Score
0/102
Timer
11:00
0
Plays Today
Game
Goalie
% Correct
Philadelphia 1992
Patrick Roy
97.7%
Montréal 1993
Patrick Roy
97.7%
New York City 1994
Patrick Roy
97.7%
Boston 1996
Martin Brodeur
97.7%
San Jose 1997
Patrick Roy
97.7%
San Jose 1997
Martin Brodeur
97.7%
Vancouver 1998
Patrick Roy
97.7%
Vancouver 1998
Martin Brodeur
97.7%
Tampa Bay 1999
Martin Brodeur
97.7%
Toronto 2000
Martin Brodeur
97.7%
Colorado 2001
Patrick Roy
97.7%
Colorado 2001
Martin Brodeur
97.7%
Los Angeles 2002
Patrick Roy
97.7%
South Florida 2003
Patrick Roy
97.7%
South Florida 2003
Martin Brodeur
97.7%
Minnesota 2004
Martin Brodeur
97.7%
Dallas 2007
Martin Brodeur
97.7%
Minnesota 2004
Roberto Luongo
96.8%
Dallas 2007
Roberto Luongo
96.8%
Montréal 2009
Roberto Luongo
96.8%
Ottawa 2012
Carey Price
96.7%
Ottawa 2012
Tim Thomas
96.4%
Ottawa 2012
Henrik Lundqvist
96.1%
Atlanta 2008
Tim Thomas
95.7%
Montréal 2009
Tim Thomas
95.7%
Raleigh 2011
Tim Thomas
95.7%
Boston 1996
Dominik Hasek
95.5%
San Jose 1997
Dominik Hasek
95.5%
Vancouver 1998
Dominik Hasek
95.5%
Tampa Bay 1999
Dominik Hasek
95.5%
Colorado 2001
Dominik Hasek
95.5%
Los Angeles 2002
Dominik Hasek
95.5%
Montréal 2009
Carey Price
95.5%
Raleigh 2011
Carey Price
95.5%
Game
Goalie
% Correct
Boston 1996
Chris Osgood
94.9%
Atlanta 2008
Chris Osgood
94.9%
Montréal 2009
Henrik Lundqvist
94.2%
Raleigh 2011
Henrik Lundqvist
94.2%
Ottawa 2012
Jonathan Quick
93.8%
Philadelphia 1992
Ed Belfour
93.6%
Montréal 1993
Ed Belfour
93.6%
Boston 1996
Ed Belfour
93.6%
Vancouver 1998
Ed Belfour
93.6%
Tampa Bay 1999
Ed Belfour
93.6%
Raleigh 2011
Marc-Andre Fleury
93%
Dallas 2007
Ryan Miller
92.3%
Ottawa 2012
Jimmy Howard
92.3%
Raleigh 2011
Cam Ward
92.1%
Montréal 2009
J-S Giguère
90.8%
South Florida 2003
Marty Turco
89.6%
Minnesota 2004
Marty Turco
89.6%
Dallas 2007
Marty Turco
89.6%
Colorado 2001
Evgeni Nabokov
89.3%
Dallas 2007
Miikka Kiprusoff
89.3%
Atlanta 2008
Evgeni Nabokov
89.3%
Philadelphia 1992
Mike Richter
88.9%
New York City 1994
Mike Richter
88.9%
Toronto 2000
Mike Richter
88.9%
Vancouver 1998
Olaf Kolzig
88.7%
Toronto 2000
Olaf Kolzig
88.7%
Los Angeles 2002
José Théodore
87.8%
Minnesota 2004
José Théodore
87.8%
New York City 1994
Curtis Joseph
86.6%
Vancouver 1998
Nikolai Khabibulin
86.6%
Tampa Bay 1999
Nikolai Khabibulin
86.6%
Toronto 2000
Curtis Joseph
86.6%
Los Angeles 2002
Nikolai Khabibulin
86.6%
South Florida 2003
Nikolai Khabibulin
86.6%
Game
Goalie
% Correct
Atlanta 2008
Rick DiPietro
85.7%
Montréal 2009
Niklas Backstrom
85.5%
Montréal 1993
Mike Vernon
84.4%
Minnesota 2004
Tomas Vokoun
82.5%
Atlanta 2008
Tomas Vokoun
82.5%
Raleigh 2011
Jonas Hiller
82.5%
New York City 1994
John Vanbiesbrouck
79.7%
Boston 1996
John Vanbiesbrouck
79.7%
San Jose 1997
John Vanbiesbrouck
79.7%
New York City 1994
Felix Potvin
77.6%
Boston 1996
Felix Potvin
77.6%
New York City 1994
Arturs Irbe
77.2%
Tampa Bay 1999
Arturs Irbe
77.2%
Ottawa 2012
Brian Elliott
77.1%
South Florida 2003
Patrick Lalime
73.3%
Colorado 2001
Sean Burke
71.9%
Los Angeles 2002
Sean Burke
71.9%
Philadelphia 1992
Kirk McLean
71.4%
Colorado 2001
Roman Cechmanek
71.4%
Minnesota 2004
Dwayne Roloson
69.7%
Toronto 2000
Tommy Salo
66.5%
Los Angeles 2002
Tommy Salo
66.5%
San Jose 1997
Guy Hebert
65.5%
Toronto 2000
Roman Turek
64.6%
Dallas 2007
Cristobal Huet
61.8%
Montréal 1993
Jon Casey
59.5%
South Florida 2003
Jocelyn Thibault
59.5%
San Jose 1997
Andy Moog
58%
Tampa Bay 1999
Ron Tugnutt
54.6%
Philadelphia 1992
Tim Cheveldae
53.3%
Philadelphia 1992
Don Beaupre
51.6%
Atlanta 2008
Manny Legace
50.7%
Montréal 1993
Craig Billington
35%
Montréal 1993
Peter Sidorkiewicz
33.9%
Quiz Playlist
Details
Report
Send in Message
Add To Playlist
More Info:
This does not include the goalies from the Montréal Young Guns game in 2009
Classic:
Type in answers that appear in a list
Quiz Source
Last Updated: Feb 16, 2017
Quiz Scoreboard
CHALLENGE
Sign Up to Join the Scoreboard
Show All
Scores
Hide
Comments
May contain spoilers
Recently Published
9x9 Crossword: Cartoon Network
by jackfrog10
Miscellaneous
3m
College Basketball Coaching Resumes
by pancakes188
Sports
9m
Billboard Blitz: Fleetwood Mac
by CooCooCachoo
Music
15s
More to Explore
Quiz From the Vault
Featured Blog Post
Where Did the Easter Bunny Come From?
hide this ad
You Might Also Like...
Tags
NHL Quiz
All-Star
goalie
Goalies Selected
Today's Top Quizzes in Sports
Browse Sports
hide this ad
Today's Top Quizzes in NHL
Browse NHL
Top Contributed Quizzes in Sports
1
2022 World Cup Stars
2
Les meilleurs buteurs des matchs entre le PSG et l’OM
3
FIFA Club World Cup Champions
4
Les entraîneurs de l'OM et du PSG au 21e siècle
5
Criteria MLB: Left Handed Sluggers
6
AFC Teams Reveal (Wrong Answers Minefield)
7
2023 MLB Unique Player Accomplishments
8
Players with Multiple 50 Home Run Seasons
9
5-to-1: FBS Animal Nicknames
10
5-to-1: UK Sports Teams
Explore More
Trending Topics
Disney
Anime
Crossword
Marvel
NBA
Kpop
Harry Potter
The Office
Puzzle
NFL
Country
Song
Pokémon
Soccer
WWE
hide this ad
More By:
cheesyjon
Quiz
Plays
Rating
Category
Featured
Created
Superhero/Villain by Actor
185,872
3.82
Entertainment
Nov 2, 2009
Countries With The Most...
164,785
4.42
Geography
Dec 1, 2009
Countries That Take Up 1% of the World's Population
109,305
4.59
Geography
Nov 24, 2012
Mass Effect Characters by Description
8,332
4.56
Gaming
Apr 9, 2012
Uncharted Characters
6,114
3.86
Gaming
Dec 9, 2009
Go to Creator's Profile
Score Distribution
Quiz Creator Spotlight
cheesyjon
Follow
Send a Message
Quizzes Created
-
Created Quiz Play Count
-
More By This Creator
Popular Quizzes Today
1
Find the US States - No Outlines Minefield
2
Find the Countries of Europe - No Outlines Minefield
3
The Countries of the World
4
Find the US States
5
Risky Map Clicking: Biggest States A-Z
6
US States
7
Popular People in 1961
8
Movies - When Are They Set?
More Sports Quizzes
Quick Pick: Jeff Garcia Teams by Logo
Quiz Lab
Trending Quizzes
Risky Map Clicking: Least Populous States A-Z
1-10 Letter G Words
1-10 Letter F Words
Risky Map Clicking: Next State Alphabetically
Adjectives in 80s TV Shows
Recently Updated
Leaping Animals
pecheneg
Reality TV Shows (A-Z)
bhenderson79
Rickey Henderson's Hall of Fame Teammates
pecheneg
Champions League XIs: Arsenal
pecheneg
Quick Pick: Celebrities in WWE's Hall of Fame
aduchscher
A-Z Keypad Blitz II
pecheneg
Multiple Oscar Actors
pecheneg
Mystery Phrase Blitz: Oscar 'Best Actors'
pecheneg
F. Scott Fitzgerald Novels
LTH
Pick 3 Villains
ddd62291
Trending Topics
Marvel
Disney
Crossword
Harry Potter
Anime
Kpop
NBA
WWE
Pokémon
NFL
Puzzle
Country
Soccer
Song
The Office
Your Account Isn't Verified!
In order to create a playlist on Sporcle, you need to verify the email address you used during registration. Go to your
Sporcle Settings
to finish the process.
Report this User
Report this user for behavior that violates our
Community Guidelines
.
Details:
Send Report
Go to the Sporcle.com Mobile Site →
Comments